Central Library OPAC University of Rajshahi

فلسفہ اقبال : يعنى خيالات اقبال پر ان مضامين كا اردو ترجمہ جو رسالہ اقبال كے انگريزى شماروں ميں وقتاً فوقتاً چھپتے رہے ;;;; Falsafah-yi Iqbāl : yaʻni k̲h̲ayālāt-i Iqbāl par un maẓāmīn kā Urdū tarjumah jo Risālah Iqbāl ke angrezī shumāron̲ men̲ vaqtan favaqtan chapte rahe / (Record no. 85462)

MARC details
000 -LEADER
fixed length control field 01008nam a2200205 4500
001 - CONTROL NUMBER
control field 85462
003 - CONTROL NUMBER IDENTIFIER
rucl marc code BD-RjUL
005 - DATE AND TIME OF LATEST TRANSACTION
control field 20250807110231.0
008 - FIXED-LENGTH DATA ELEMENTS--GENERAL INFORMATION
fixed length control field 250807s1961 |||||||| |||| 00| 0 urd d
035 ## - SYSTEM CONTROL NUMBER
System control number (BD-RjUL) 85462
040 ## - CATALOGING SOURCE
Original cataloging agency BD-RjUL
Language of cataloging eng
Transcribing agency BD-RjUL
041 ## - LANGUAGE CODE
Language code of text/sound track or separate title urd
082 ## - DEWEY DECIMAL CLASSIFICATION NUMBER
Edition number 23
Classification number 181.07
Author mark and year IQB 1961
100 ## - MAIN ENTRY--PERSONAL NAME
Personal name بزم اقبال.. / Bazm-i Iqbal
9 (RLIN) 16500
245 ## - TITLE STATEMENT
Title فلسفہ اقبال : يعنى خيالات اقبال پر ان مضامين كا اردو ترجمہ جو رسالہ اقبال كے انگريزى شماروں ميں وقتاً فوقتاً چھپتے رہے ;;;; Falsafah-yi Iqbāl : yaʻni k̲h̲ayālāt-i Iqbāl par un maẓāmīn kā Urdū tarjumah jo Risālah Iqbāl ke angrezī shumāron̲ men̲ vaqtan favaqtan chapte rahe /
Statement of responsibility, etc. مرتبہ، بزم اقبال.,. / Bazm-i Iqbal
260 ## - PUBLICATION, DISTRIBUTION, ETC. (IMPRINT)
Place of publication, distribution, etc. Lahore :
Name of publisher, distributor, etc. مرتبہ، بزم اقبال., / Bazm-i Iqbal
Date of publication, distribution, etc. 1961
300 ## - PHYSICAL DESCRIPTION
Pagination 351 p. ;
Size 21 cm
600 ## - SUBJECT ADDED ENTRY--PERSONAL NAME
Personal name Iqbal, Muhammad, Sir,
Dates associated with a name 1877-1938
942 ## - ADDED ENTRY ELEMENTS (KOHA)
Source of classification or shelving scheme Dewey Decimal Classification
Koha item type Books
Holdings
Lost status Source of classification or shelving scheme Damaged status Not for loan Collection code Permanent Location Current Location Shelving location Date acquired Source of acquisition Cost, normal purchase price Total Checkouts Full call number Date last seen Copy number Koha item type
  Dewey Decimal Classification   Not For Loan Non-fiction Central Library, University of Rajshahi Central Library, University of Rajshahi Reading Room 13/05/1967 Sh. Mubarak ali 6.00   U 181.07 IQB 1961 07/08/2025 C-1 Books